000 00843nam a2200253Ia 4500
001 15767
003 GE_BSU
008 181216s||||||||xx |||||||||||||| ||und||
020 _a978-99940-54-98-5
040 _cGE_BSU
100 _aჭილაძე, ო. (ოთარ, 1933-2009)
245 _aმარტის მამალი
245 _bრომანი
245 _cმხატვ. ნანა ჭილაძე.გარეკანზე გამოყ.დავით კაკაბაძის ნახატი
250 _aმე-3 გამოცემა
260 _aთბილისი
260 _bარეტე
260 _c2007
300 _a454 გვ. ; 20 სმ.
541 _h15ლ.
653 _aმარტის მამალი
653 _aრომანი
942 _cBK
999 _c48865
_d48865